000 01406nam a2200337 a 4500
001 ebr10063021
003 CaPaEBR
006 m u
007 cr cn|||||||||
008 971222s1998 dcua sb 001 0 eng
010 _z 97052238
020 _z0309064023 (alk. paper)
040 _aCaPaEBR
_cCaPaEBR
035 _a(OCoLC)42329136
050 1 4 _aRC268.55
_b.E36 1998eb
082 0 4 _a616.9/897
_221
245 0 0 _aEffects of ionizing radiation
_h[electronic resource] :
_batomic bomb survivors and their children (1945-1995) /
_cLeif E. Peterson and Seymour Abrahamson, editors.
260 _aWashington, D.C. :
_bJoseph Henry Press,
_c1998.
300 _axviii, 379 p. :
_bill.
504 _aIncludes bibliographical references and index.
533 _aElectronic reproduction.
_bPalo Alto, Calif. :
_cebrary,
_d2013.
_nAvailable via World Wide Web.
_nAccess may be limited to ebrary affiliated libraries.
650 0 _aRadiation carcinogenesis.
650 0 _aAtomic bomb
_xPhysiological effect.
650 0 _aAtomic bomb victims
_xDiseases.
650 0 _aChildren of atomic bomb victims
_xDiseases.
655 7 _aElectronic books.
_2local
700 1 _aPeterson, Leif E.,
_d1957-
700 1 _aAbrahamson, Seymour.
710 2 _aebrary, Inc.
856 4 0 _uhttp://site.ebrary.com/lib/rucke/Doc?id=10063021
_zAn electronic book accessible through the World Wide Web; click to view
999 _c157930
_d157930